000 00640nam a2200205 i 4500
001 44878
003 ES-MaACL
005 20230906161118.0
007 t|
008 030324s1981 sp ||||1| spa d
100 1 _aCloud, Preston.
_939299
245 1 3 _aEl cosmos, la tierra y el hombre
_b: breve historia del universo /
_cPreston Cloud ; traducción de Néstor Míguez.
260 _a[Madrid :
_bAlianza,
_c1981]
300 _a355 p. :
_bil. ;
_c20 cm.
490 1 _aAlianza universidad
700 1 _aMíguez, Néstor.
_981054
830 0 _aAlianza universidad
_9177276
852 _aES-MaACL
_jL-1040
_bR.101734
999 _c44878
_d44878